000
00288nam a2200121Ia 4500
005
20251222143203.0
008
251222s9999||||xx |||||||||||||| ||spa||
082
_a
759.064.5/L95
100
_a
Pietro Della, Lucia
245
0
_a
Giovan Battista Moroni.
264
_b
Silvana
942
_c
LIB
999
_c
13150
_d
13150